| 000 | 00656nam a2200193 a 4500 | ||
|---|---|---|---|
| 005 | 20240425063953.0 | ||
| 008 | 991125s1903 mx 000 0 spa u | ||
| 035 | _aUPN01000006890 | ||
| 049 | _aLT | ||
| 050 | 4 |
_aLB1587 A3 _bR8.3 |
|
| 100 | 1 |
_aRuiz, Luis E., _d1857-1914 _929451 |
|
| 245 | 1 | 0 |
_aCartilla de higiene profilaxis de las enfermedades transmisibles / _cpor Luis E. Ruiz. |
| 260 |
_aMéxico : _bVda. de Ch. Bouret, _c1903. |
||
| 300 |
_a88 p. : _bil. |
||
| 500 | _a"Escrita para la enseñanza primaria" | ||
| 500 | _a"Premiada por la Academia Nacional de Medicina" | ||
| 650 | 4 |
_aHigiene _xEstudio y enseñanza (Elemental) _925040 |
|
| 905 | _aLibro | ||
| 999 |
_c6890 _d6890 |
||